Sedmkrát o společenství vlastníků jednotek
Problematika účtovania a zdaňovania príjmov za prenájom spoločných častí domu v spoločenstve vlastníkov bytov. Náklady pri prenájme nebytových priestorov. Príklady.
Salvato in:
| Autore principale: | |
|---|---|
| Natura: | Capitolo di libro |
| Lingua: | ceco |
| Soggetti: | |
| Tags: |
Nessun Tag, puoi essere il primo ad aggiungerne!!
|
MARC
| LEADER | 00000naa a2200000 4500 | ||
|---|---|---|---|
| 001 | 0166357 | ||
| 005 | 20230925093828.3 | ||
| 041 | 0 | |a cze | |
| 044 | |a CZ | ||
| 245 | 1 | 0 | |a Sedmkrát o společenství vlastníků jednotek |c Josef Drbohlav |
| 520 | |a Problematika účtovania a zdaňovania príjmov za prenájom spoločných častí domu v spoločenstve vlastníkov bytov. Náklady pri prenájme nebytových priestorov. Príklady. | ||
| 610 | 2 | 0 | |a Česko |
| 610 | 2 | 0 | |a systémy daňové |
| 610 | 2 | 0 | |a účtovníctvo daňové |
| 610 | 2 | 0 | |a zdaňovanie |
| 610 | 2 | 0 | |a dane z príjmov |
| 610 | 2 | 0 | |a prenájom zmluvný |
| 610 | 2 | 0 | |a vlastníctvo spoločné |
| 100 | 1 | |a Drbohlav, Josef | |